NCERT ऑब्जेक्टिव भारतीय अर्थव्यवस्था/ (Record no. 200625)

MARC details
000 -LEADER
fixed length control field 00753nam a22001817a 4500
005 - DATE AND TIME OF LATEST TRANSACTION
control field 20240212152010.0
010 ## - LCCN (DPL NO)
LC control number HIN-126852
020 ## - INTERNATIONAL STANDARD BOOK NUMBER
International Standard Book Number 9789354883019
Terms of availability 175.00
035 ## - SYSTEM CONTROL NUMBER
System control number HN-99198
037 ## - SOURCE OF ACQUISITION
Source of stock number/acquisition DBAD/PUB
082 ## - DEWEY DECIMAL CLASSIFICATION NUMBER
Classification number 330.954
100 ## - MAIN ENTRY--PERSONAL NAME
Personal name रणजीत कुमार सिंह
245 ## - TITLE STATEMENT
Title NCERT ऑब्जेक्टिव भारतीय अर्थव्यवस्था/
Statement of responsibility, etc रणजीत कुमार सिंह
260 ## - PUBLICATION, DISTRIBUTION, ETC. (IMPRINT)
Place of publication, distribution, etc नई दिल्ली
Name of publisher, distributor, etc प्रभात एग्जाम
270 ## - ADDRESS
City नई दिल्ली
Address 4/19 आसफ अली रोड
Postal code 110002
300 ## - PHYSICAL DESCRIPTION
Extent 164पृ.;
Dimensions 28सेमी (अजिल्द)
942 ## - ADDED ENTRY ELEMENTS (KOHA)
Source of classification or shelving scheme Dewey Decimal Classification
Item type Hindi Books
Classification part 330.954
Call number suffix रणजी
Holdings
Withdrawn status Lost status Not for loan Collection code Home library Current library Date acquired Source of acquisition Cost, normal purchase price Full call number Barcode Copy number Cost, replacement price Koha item type
      Non-fiction Sarojini Nagar Sarojini Nagar 09/02/2024 DBAD/PUB 175.00 330.954 रणजी hn-99198 1 175.00 Hindi Books

© Delhi Public Library
Hit Counter
free hit counter